| 000 | 00430nam a2200145Ia 4500 | ||
|---|---|---|---|
| 999 |
_c19650 _d19650 |
||
| 082 | _aTC.0033 | ||
| 100 | _aChatterjee, Lata | ||
| 245 | 0 | _aRural urban relationship in Burdwan district | |
| 260 |
_c1969 _bUniversity of Calcutta |
||
| 300 | _a195 | ||
| 650 |
_aUrban impact analysi _zIndia _zBurdwan (West Bengal) |
||
| 650 |
_aRural urban migration _zIndia _zBurdwan (West Bengal) |
||
| 710 | _aChatterjee, S.P. | ||
| 942 |
_cTH _2ddc |
||